Nauka - wiedza ogólna #1 - Statystyki

Ogólne statystyki
  • Ten quiz został rozwiązany 41 razy
  • Średni wynik to 10 z 20
Statystyki odpowiedzi
Pytanie Odpowiedź % Poprawnych
W jakiej galaktyce znajduje się nas układ słoneczny? Droga Mleczna
91%
Jaka jest chemiczna struktura wody? H2O
89%
Który polski astronom twierdził, że Słońce jest centrum Układu Słonecznego? Mikołaj Kopernik
86%
Jaki jest najtwardszy znany materiał występujący w naturze? Diament
77%
Jakie są dwa rodzaje cząstek w jądrze atomu? Neutron
66%
Jakie są dwa rodzaje cząstek w jądrze atomu? Proton
66%
Na jakiej planecie można znaleźć Olympus Mons? Mars
63%
Jaki gatunek jest najbliższym żyjącym krewnym człowieka? Szympans
63%
Czego większość ludzi ma 23 pary? Chromosomów
60%
Z czego wykonany jest rysik do ołówka? Grafit
60%
Jakiego procesu używają rośliny do przekształcania światła w energię? Fotosyntezy
54%
Kto odkrył pierwsze księżyce Jowisza? Galileusz
43%
Słońce jest obecnie żółtym karłem. W jaki typ gwiazdy się przekształci za około 5 miliardów lat? Czerwony Gigant
40%
Z jakiego pierwiastka zbudowane są obydwa powyższe minerały? Węgla
40%
Dwa pierwiastki układu okresowego noszą nazwy stanów USA. Podaj nazwę dowolnego z nich. Kaliforn/Tenes
34%
Co jest równe masie pomnożonej przez przyspieszenie? Siła
34%
Co mierzy chronometr? Czas
29%
Jakiego rodzaju cukru mózg używa jako źródła energii? Glukozy
26%
Z czego składa się dwunastnica? Jelita cienkiego
14%
Która asteroida jest największa w Układzie Słonecznym? Ceres
9%
Nie znaleziono quizów pasujących do podanych kryteriów
Rozkład punktacji
Procent ludzi z każdym wynikiem
Percentyl według liczby udzielonych odpowiedzi
Twoja historia wyników
Nie rozwiązałeś tego quizu